| 000 | 00821nam a2200205Ii 4500 | ||
|---|---|---|---|
| 003 | JO-AjNU | ||
| 005 | 20231209093113.0 | ||
| 008 | 230605s9999||||xx |||||||||||||| ||und|| | ||
| 040 |
_aJO-AjNU _bara _erda _cJO-AjNU |
||
| 041 | _aara | ||
| 100 |
_aالبشيبشي، حلمي عبد الفتاح _964627 _eمؤلف |
||
| 245 |
_aمحاسبة المنشآت المتخصصة : _bالبنوك.شركات التأمين.الجمعيات التعاونية في دولة قطر / _cحلمي عبد الفتاح البشبيشي |
||
| 260 |
_aقطر : _bجامعة قطر، _c1990 |
||
| 300 | _a425 صفحه | ||
| 336 |
_atext _btxt _2rdacontent |
||
| 337 |
_aunmediated _bn _2rdamedia |
||
| 338 |
_avolume _bnc _2rdacarrier |
||
| 650 | _vالمحاسبة-الشركات-البنوك-القطاع الخاص | ||
| 942 |
_2lcc _cBK |
||
| 999 |
_c33088 _d33088 |
||